000 00880nam a2200217 i 4500
001 bg
245 0 0 _aPodstawy trwałości elementów maszyn przemysłu spożywczego :
_bpraca zbiorowa /
_cpod red. Wiesława Leszka i Wiesława Zwierzyckiego ; [oprac. Zbigniew Kłos i in.] ; Politechnika Poznańska.
260 _aPoznań :
_bWydaw. PP,
_c1994.
300 _a153 s. :
_brys., wykr. ;
_c24 cm.
504 _aBibliogr. s. 133-134, 150-153.
521 _aDla studentów IV roku kierunku Mechanika i Budowa Maszyn.
650 9 _aNiezawodność urządzeń
_xbadanie
650 9 _aPrzemysł rolno-spożywczy
_xnarzędzia i maszyny
_xbadanie
_xmetody
650 9 _aWytrzymałość materiałów
_xbadanie
_xmetody
655 _aPodręczniki akademickie
040 _cBPK
041 0 _apl
080 _a664:621.01.004](075.8)
942 _cKS
008 s pl f |000 0 pol
999 _c6709
_d6709
856 _uhttp://koha.tu.koszalin.pl/cgi-bin/koha/opac-detail.pl?biblionumber=6709
_yKatalog online BPK